Missing Word: World Capitals Elsewhere Quiz Stats

Quiz Updated Jan 2, 2014

Also try: Capital Gains
Challenge
Share
Tweet
Embed
Score 0/20 Timer 03:00
3 Plays Today
Phrase Missing Capital % Correct
____ HiltonParis
99.4%
When in ____Rome
87.6%
____ BeckhamVictoria
69.2%
____ sproutsBrussels
57.7%
____ pattern baldnessMale
54.7%
_____ beansLima
47.4%
Irving _____Berlin
44.8%
____ CallingLondon
43.4%
From the halls of Montezuma to the shores of ____Tripoli
40.6%
____ syndromeStockholm
34.9%
Phrase Missing Capital % Correct
The Purple Rose of ____Cairo
34.5%
____ IrvingWashington
32.9%
____ CoppolaSofia
25.1%
____ sausageVienna
24.5%
One Night in ____Bangkok
23.7%
The ____ TrioKingston
16.8%
Timon of ____Athens
15.3%
The Conversion on the Way to ____Damascus
13.7%
Reading Lolita in ____Tehran
11.4%
Morey ____ Amsterdam
10.3%

Today's Daily Dose

Missing Word
Fruity Song Titles

Quick Pick
Double Blanks

On This Day
June 22nd II

You're not logged in!

Compare scores with friends on all Sporcle quizzes.
Join for Free
OR
Log In

You Might Also Like...

Show Comments

Extras

Top Quizzes Today


Score Distribution

Your Account Isn't Verified!

In order to create a playlist on Sporcle, you need to verify the email address you used during registration. Go to your Sporcle Settings to finish the process.

Report this User

Report this user for behavior that violates our Community Guidelines.

Details: